000 00328nam a22001337a 4500
008 170925b xxu||||| |||| 00| 0 eng d
020 _a9781457690532
041 _aeng
080 _211 ED
_a37
100 _a46
101 _aEDU
245 _aYOUR COLLEGE EXPERIENCE STRATEGIES FOR SUCCESS
_cSMITH.J
942 _2udc
_cBK
999 _c29730
_d29730